000 00832nam a2200265Ia 4500
005 20231010160136.0
008 210716s2000 xx 000 0 und d
020 _a013085123X
040 _cAIMIT LIBRARY
041 _aeng
082 _a658.84
_21
_bAMOD
100 _aAmor, Daniel.
_9137253
245 _aE-business :
_b (R) evolution /
250 _a1st ed.
260 _aUSA :
_bPrentice Hall ,
_c2000.
300 _axxiii,636p. ;
_bPB :
_c23 cm.
650 _aInternet Business
_9137254
650 _aPreparing the Online Business
_9137255
650 _aSelecting the Technology
_9137256
650 _aAvoiding Legal Issues
_9137257
650 _aMarketing Strategies on the Web
_9137258
650 _aE Business Applications
_9137259
650 _aInternet Technologies
_9137260
942 _2ddc
_cBK
_e1st
_k658.84 AMOD
999 _c200744
_d200744